00808cam a2200169 450000500170000000800410001702000150005805000220007310000200009524501270011524601810024225000110042326000800043430000220051465000680053670000340060420250905132048.0030911s1999 ag 000 0 spa u a950679255004aKHA3031bP54 19991 aPierini, Alicia10aFinanciamiento de los partidos políticos b : para una democracia transparente c / Alicia Pierini, Valentín Lorences. aLey 23.298, Orgánica de los partidos políticos, Ley 24.444, Modificación del código electoral, Con auspicio del Instituto de Promoción de estudios en derechos humanos a1a ed. aBuenos Aires : b Universidad Sociedad de Responsabilidad Limitada, c1999 a254 p. ; c23 cm. 7aPartidos políticos xFinanciamientoxLegislaciónzArgentina1 aLorences, Valentín, eautor